Welcome to CU Library Online Public Access Catalogue (OPAC)

Peacemaking for families : (Record no. 1274)

MARC details
000 -LEADER
fixed length control field 00794cam a22002294a 4500
001 - CONTROL NUMBER
control field 12759028
005 - DATE AND TIME OF LATEST TRANSACTION
control field 20241118132942.0
008 - FIXED-LENGTH DATA ELEMENTS--GENERAL INFORMATION
fixed length control field 020429s2002 ilua b 000 0 eng
020 ## - INTERNATIONAL STANDARD BOOK NUMBER
International Standard Book Number 1589970063
020 ## - INTERNATIONAL STANDARD BOOK NUMBER
International Standard Book Number 9781589970069
Qualifying information Backcover
050 00 - LIBRARY OF CONGRESS CALL NUMBER
Classification number BV4526.2
Item number .S25 2002
082 00 - DEWEY DECIMAL CLASSIFICATION NUMBER
Classification number 248.4
Edition information 21
100 1# - MAIN ENTRY--PERSONAL NAME
Personal name Sande, Ken.
245 10 - TITLE STATEMENT
Title Peacemaking for families :
Remainder of title a biblical guide to managing conflict in your home /
Statement of responsibility, etc. Ken Sande with Tom Raabe.
260 ## - PUBLICATION, DISTRIBUTION, ETC.
Place of publication, distribution, etc. Wheaton, Ill. :
Name of publisher, distributor, etc. Tyndale House Publishers,
Date of publication, distribution, etc. c2002.
300 ## - PHYSICAL DESCRIPTION
Extent x, 224 p. :
Other physical details ill. ;
Dimensions 23 cm.
500 ## - GENERAL NOTE
General note At head of title: Focus on the Family.<br/>Includes bibliography
650 #0 - SUBJECT ADDED ENTRY--TOPICAL TERM
Topical term or geographic name entry element Families
General subdivision Religious life.
650 #0 - SUBJECT ADDED ENTRY--TOPICAL TERM
Topical term or geographic name entry element Conflict management
General subdivision Religious aspects
-- Christianity.
700 1# - ADDED ENTRY--PERSONAL NAME
Personal name Raabe, Tom.
942 ## - ADDED ENTRY ELEMENTS (KOHA)
Source of classification or shelving scheme Library of Congress Classification
Koha item type Books
Suppress in OPAC No
999 ## -
-- 1274
-- 1274
Holdings
Withdrawn status Lost status Source of classification or shelving scheme Damaged status Not for loan Collection Home library Current library Shelving location Date acquired Total checkouts Full call number Barcode Date last seen Copy number Price effective from Koha item type
    Library of Congress Classification     Non-fiction Graduate Library (Christ Temple) Graduate Library (Christ Temple) General stacks 02/25/2025   BV 4526.2 SAN GSCT00000577 02/25/2025 1 02/25/2025 Books
    Library of Congress Classification     Non-fiction Law Library (Miotso) Law Library (Miotso) General stacks 11/18/2024   BV4526.2 SAN LLM00000930 11/18/2024 1 11/18/2024 Books
© 2023-2024 Copyright: Central University Libraries. All Rights Reserved | Created by: Mahone Tech Office